[Event "CZE-chT2E 2223"]
[Site "Czech Republic"]
[Date "2022.11.20"]
[Round "3.7"]
[White "Marek, Jakub"]
[Black "Soban, Jaroslav"]
[Result "0-1"]
[WhiteElo "1873"]
[BlackElo "2091"]
[PlyCount "60"]
[EventDate "2022.10.16"]
[EventType "team-tourn"]
[EventRounds "11"]
[EventCountry "CZE"]
[SourceTitle "EXT 2024"]
[Source "ChessBase"]
[SourceDate "2023.10.10"]
[SourceVersion "1"]
[SourceVersionDate "2023.10.10"]
[SourceQuality "1"]
[WhiteTeam "Znojmo"]
[BlackTeam "Grygov"]
[WhiteTeamCountry "CZE"]
[BlackTeamCountry "CZE"]

1. e4 c5 2. Nf3 e6 3. d4 cxd4 4. Nxd4 Nf6 5. Bd3 Nc6 6. Nxc6 bxc6 7. 0-0 d5 8. exd5 cxd5 9. Nc3 Be7 10. Bg5 0-0 11. Rb1 Bb7 12. Re1 Re8 13. Qf3 h6 14. Bh4 Qb6 15. Qh3 Ba6 16. Bxa6 Qxa6 17. Qd3 Qb6 18. b4 Rec8 19. a3 Rc4 20. Bg3 Rac8 21. Rb3 Qc6 22. Ne2 Rxc2 23. f3 Qa4 24. Nd4 R2c4 25. Nf5 Bf8 26. Nd6 R8c6 27. Nb7 Nd7 28. Na5 Rc8 29. Qe3 d4 30. Qd2 Rc3 0-1

[Event "CZE-chT2E 2223"]
[Site "Czech Republic"]
[Date "2022.11.06"]
[Round "2.8"]
[White "Gerych, Jan"]
[Black "Soban, Jaroslav"]
[Result "1/2-1/2"]
[WhiteElo "2027"]
[BlackElo "2091"]
[PlyCount "37"]
[EventDate "2022.10.16"]
[EventType "team-tourn"]
[EventRounds "11"]
[EventCountry "CZE"]
[SourceTitle "EXT 2024"]
[Source "ChessBase"]
[SourceDate "2023.10.10"]
[SourceVersion "1"]
[SourceVersionDate "2023.10.10"]
[SourceQuality "1"]
[WhiteTeam "Litovel Tatran"]
[BlackTeam "Grygov"]
[WhiteTeamCountry "CZE"]
[BlackTeamCountry "CZE"]

1. e4 c5 2. Nf3 e6 3. c3 Nf6 4. e5 Nd5 5. d4 cxd4 6. cxd4 Nc6 7. Bc4 d6 8. Qe2 dxe5 9. dxe5 Na5 10. Bg5 Be7 11. Bxe7 Qxe7 12. Bxd5 exd5 13. Qb5+ Nc6 14. Nc3 Be6 15. Nxd5 Bxd5 16. Qxd5 Qb4+ 17. Qd2 Qe4+ 18. Qe2 Qb4+ 19. Qd2 1/2-1/2

[Event "Valasska Bystrice op 13th"]
[Site "Valasska Bystrice"]
[Date "2022.09.17"]
[Round "9"]
[White "Briza, Jiri"]
[Black "Soban, Jaroslav"]
[Result "1-0"]
[WhiteElo "1847"]
[BlackElo "2108"]
[PlyCount "71"]
[EventDate "2022.09.10"]
[EventType "swiss"]
[EventRounds "9"]
[EventCountry "CZE"]
[SourceTitle "CBM 210 Extra"]
[Source "ChessBase"]
[SourceDate "2022.11.30"]
[SourceVersion "1"]
[SourceVersionDate "2022.11.30"]
[SourceQuality "1"]

1. e4 Nf6 2. e5 Nd5 3. d4 d6 4. Nf3 Bg4 5. Be2 e6 6. 0-0 Be7 7. c4 Nb6 8. b3 0-0 9. Bb2 Nc6 10. Nc3 d5 11. c5 Bxf3 12. Bxf3 Nc8 13. Rc1 Qd7 14. Ne2 Bg5 15. Rb1 f6 16. exf6 Bxf6 17. Re1 Bg5 18. Ng3 N8e7 19. a3 Nf5 20. b4 a6 21. Qd3 Bf6 22. Nxf5 exf5 23. Re2 Rfe8 24. Rbe1 Rxe2 25. Rxe2 Rd8 26. Bc3 Na7 27. Rb2 g6 28. g3 Qa4 29. Qe3 Kg7 30. Qe6 c6 31. Bd2 Rf8 32. Qd7+ Kh8 33. Bh6 Rg8 34. Re2 Nc8 35. Re8 Ne7 36. Rxe7 1-0

[Event "Valasska Bystrice op 13th"]
[Site "Valasska Bystrice"]
[Date "2022.09.16"]
[Round "8"]
[White "Vaculik, Jakub"]
[Black "Soban, Jaroslav"]
[Result "1-0"]
[WhiteElo "2214"]
[BlackElo "2108"]
[PlyCount "138"]
[EventDate "2022.09.10"]
[EventType "swiss"]
[EventRounds "9"]
[EventCountry "CZE"]
[SourceTitle "CBM 210 Extra"]
[Source "ChessBase"]
[SourceDate "2022.11.30"]
[SourceVersion "1"]
[SourceVersionDate "2022.11.30"]
[SourceQuality "1"]

1. d4 f5 2. Bg5 g6 3. Nc3 Bg7 4. e4 fxe4 5. Nxe4 d5 6. Ng3 c5 7. Nf3 Nc6 8. dxc5 Qa5+ 9. c3 Qxc5 10. Be2 Nf6 11. 0-0 0-0 12. h4 Bg4 13. Qa4 Bf5 14. Rad1 Rad8 15. h5 Nxh5 16. Nxh5 gxh5 17. Be3 Qa5 18. Qxa5 Nxa5 19. Bxa7 Nc6 20. Bc5 Bg4 21. Rfe1 Rfe8 22. Nh2 Bxe2 23. Rxe2 e6 24. Rd3 Kf7 25. Rh3 d4 26. cxd4 Nxd4 27. Bxd4 Rxd4 28. Nf3 Rd1+ 29. Kh2 Rd5 30. Rh4 Bf6 31. Rb4 Re7 32. Kh3 b5 33. Rbe4 Ra7 34. b3 Ra6 35. a4 bxa4 36. bxa4 Rda5 37. Ra2 Rd5 38. Rc4 Kg6 39. g3 Rd3 40. Kg2 Rd5 41. Nd2 Be7 42. Re4 Bd8 43. Nc4 Bc7 44. Ne3 Rda5 45. Kf3 Rc5 46. Rc4 Rxc4 47. Nxc4 Rc6 48. Rc2 Kg5 49. Ne3 Rxc2 50. Nxc2 Bb6 51. Ne3 h4 52. Nc4 Bc5 53. gxh4+ Kxh4 54. a5 Kh3 55. Ne5 Kh2 56. a6 Kg1 57. Nd3 Ba7 58. Kg4 Kf1 59. f4 Ke2 60. Nb4 Ke3 61. Nc6 Bb6 62. Ne5 Ke4 63. Nd7 h5+ 64. Kg5 Bd4 65. Nf6+ Ke3 66. Nxh5 Kd3 67. Ng7 Kc4 68. Nxe6 Be3 69. Nc7 Kb4 1-0

[Event "Valasska Bystrice op 13th"]
[Site "Valasska Bystrice"]
[Date "2022.09.13"]
[Round "5"]
[White "Molnar, Jiri"]
[Black "Soban, Jaroslav"]
[Result "0-1"]
[WhiteElo "1844"]
[BlackElo "2108"]
[PlyCount "78"]
[EventDate "2022.09.10"]
[EventType "swiss"]
[EventRounds "9"]
[EventCountry "CZE"]
[SourceTitle "CBM 210 Extra"]
[Source "ChessBase"]
[SourceDate "2022.11.30"]
[SourceVersion "1"]
[SourceVersionDate "2022.11.30"]
[SourceQuality "1"]

1. e4 c5 2. Nc3 Nc6 3. f4 g6 4. Nf3 Bg7 5. Bb5 Nd4 6. 0-0 e6 7. Nxd4 cxd4 8. Ne2 Ne7 9. Ng3 a6 10. Bd3 Nc6 11. f5 Ne5 12. fxe6 dxe6 13. b3 0-0 14. Qe2 b5 15. Bb2 Qd6 16. Nh1 Bb7 17. Nf2 f5 18. Nh3 Nxd3 19. cxd3 fxe4 20. Rab1 exd3 21. Qxd3 Be5 22. Kh1 Rad8 23. Ng5 Bf4 24. Nf3 e5 25. Qe2 d3 26. Qe1 e4 27. Ng1 Bxh2 28. Qh4 Be5 29. Bxe5 Qxe5 30. Nh3 Kg7 31. Rfe1 Rc8 32. Ng5 h6 33. Nxe4 Rf4 34. Qh3 Bxe4 35. Qd7+ Kf6 36. Qxc8 Rh4+ 37. Kg1 Qh2+ 38. Kf2 Qxg2+ 39. Ke3 Qg3+ 0-1

[Event "Valasska Bystrice op 13th"]
[Site "Valasska Bystrice"]
[Date "2022.09.11"]
[Round "2"]
[White "Soban, Jaroslav"]
[Black "Hrabal, Matej"]
[Result "0-1"]
[WhiteElo "2108"]
[BlackElo "1951"]
[PlyCount "117"]
[EventDate "2022.09.10"]
[EventType "swiss"]
[EventRounds "9"]
[EventCountry "CZE"]
[SourceTitle "CBM 210 Extra"]
[Source "ChessBase"]
[SourceDate "2022.11.30"]
[SourceVersion "1"]
[SourceVersionDate "2022.11.30"]
[SourceQuality "1"]

1. c4 c5 2. g3 g6 3. Bg2 Bg7 4. Nc3 Nc6 5. Nf3 d6 6. 0-0 e5 7. a3 a5 8. d3 Nge7 9. Bd2 0-0 10. Rb1 Rb8 11. Ne1 Be6 12. Nd5 b5 13. b4 bxc4 14. Nxe7+ Nxe7 15. bxc5 dxc5 16. Be3 Qc7 17. Rc1 Nf5 18. Bd2 Nd4 19. dxc4 Nb3 20. Rc3 a4 21. Bd5 e4 22. Bf4 Be5 23. Bxe6 Bxf4 24. Bd5 Bh6 25. Bxe4 Nd2 26. Bd5 Rb1 27. Qc2 Rfb8 28. f4 R8b2 29. Qxa4 Qe7 30. e4 Nxf1 31. Kxf1 Rxh2 32. e5 g5 33. Rc2 Rb2 34. Rxh2 Rxh2 35. Kg1 Re2 36. Qd1 Re3 37. Qh5 Rxe1+ 38. Kf2 Ra1 39. Qxh6 gxf4 40. gxf4 Ra2+ 41. Kg3 Qf8 42. Qh4 Qg7+ 43. Kh3 Rxa3+ 44. Kh2 Qg6 45. Be4 Ra2+ 46. Kh3 Ra3+ 47. Kh2 Ra2+ 48. Kh3 Qe6+ 49. Kg3 Ra3+ 50. Kh2 h6 51. Kg2 Re3 52. Bd5 Qg6+ 53. Kf2 Ra3 54. Bf3 Ra2+ 55. Be2 Ra1 56. Qg3 Qxg3+ 57. Kxg3 Kf8 58. Kg4 Ke7 59. Bf3 0-1

[Event "Olomouc op 23rd"]
[Site "Olomouc"]
[Date "2022.08.15"]
[Round "4"]
[White "Schletter, Felix"]
[Black "Soban, Jaroslav"]
[Result "1-0"]
[WhiteElo "1975"]
[BlackElo "2101"]
[PlyCount "95"]
[EventDate "2022.08.13"]
[EventType "swiss"]
[EventRounds "9"]
[EventCountry "CZE"]
[SourceTitle "CBM 209 Extra"]
[Source "ChessBase"]
[SourceDate "2022.09.30"]
[SourceVersion "1"]
[SourceVersionDate "2022.09.30"]
[SourceQuality "1"]

1. e4 c5 2. Nf3 e6 3. g3 Nc6 4. Bg2 Nf6 5. Qe2 d6 6. 0-0 Be7 7. c3 0-0 8. d4 Rb8 9. Rd1 Qc7 10. a4 a6 11. Na3 Re8 12. Nc4 Ra8 13. dxc5 dxc5 14. Bf4 e5 15. Nfxe5 g5 16. Nxc6 gxf4 17. Nxe7+ Rxe7 18. Qd2 Be6 19. e5 Bxc4 20. Qxf4 Rxe5 21. Qxc4 Rae8 22. h3 Qe7 23. Qf4 Ne4 24. Qg4+ Rg5 25. Qxe4 Qxe4 26. Bxe4 Rxe4 27. Rd7 b6 28. a5 b5 29. Kf1 Rge5 30. Rd6 Re6 31. Rxe6 Rxe6 32. Rd1 Kf8 33. Rd7 Ke8 34. Rb7 c4 35. h4 h6 36. g4 Re4 37. f3 Re3 38. Kf2 Rd3 39. Ke2 Rd6 40. Rb6 Rd3 41. Rxa6 h5 42. gxh5 Rd5 43. h6 Rh5 44. Rb6 Kd7 45. a6 Kc7 46. a7 Re5+ 47. Kf2 Re8 48. Rb8 1-0

[Event "CZE-chT1E 2122"]
[Site "Czech Republic"]
[Date "2022.01.22"]
[Round "6.4"]
[White "Soban, Jaroslav"]
[Black "Smilek, Petr"]
[Result "1-0"]
[WhiteElo "2071"]
[BlackElo "1941"]
[PlyCount "79"]
[EventDate "2021.10.09"]
[EventType "team-tourn"]
[EventRounds "11"]
[EventCountry "CZE"]
[SourceTitle "EXT 2023"]
[Source "ChessBase"]
[SourceDate "2022.10.05"]
[SourceVersion "1"]
[SourceVersionDate "2022.10.05"]
[SourceQuality "1"]
[WhiteTeam "Grygov Proclient"]
[BlackTeam "Vsetin"]
[WhiteTeamCountry "CZE"]
[BlackTeamCountry "CZE"]

1. c4 Nf6 2. Nc3 c5 3. g3 g6 4. Bg2 Bg7 5. d3 Nc6 6. e4 d6 7. Nge2 0-0 8. 0-0 Bd7 9. h3 a6 10. Be3 Rb8 11. a4 b6 12. Kh2 Ne8 13. d4 Nc7 14. Qd2 cxd4 15. Nxd4 Nxd4 16. Bxd4 Bxd4 17. Qxd4 b5 18. cxb5 axb5 19. a5 Ne6 20. Qe3 b4 21. Nd5 Nc5 22. Rfd1 Be6 23. e5 Bxd5 24. Bxd5 Qc7 25. exd6 exd6 26. Qf3 Rb5 27. a6 Qa7 28. Bc4 Rb6 29. Ra2 Nd7 30. Qe3 Nc5 31. h4 h5 32. Qh6 d5 33. Rxd5 b3 34. Ra1 Nxa6 35. Rg5 Rf6 36. Rxg6+ Rxg6 37. Qxg6+ Kh8 38. Qxh5+ Kg7 39. Qg5+ Kh8 40. Qf6+ 1-0

[Event "CZE-chT1E 2122"]
[Site "Czech Republic"]
[Date "2021.11.28"]
[Round "4.4"]
[White "Soban, Jaroslav"]
[Black "Mudrak, Josef"]
[Result "1/2-1/2"]
[WhiteElo "2071"]
[BlackElo "2224"]
[PlyCount "22"]
[EventDate "2021.10.09"]
[EventType "team-tourn"]
[EventRounds "11"]
[EventCountry "CZE"]
[SourceTitle "EXT 2023"]
[Source "ChessBase"]
[SourceDate "2022.10.05"]
[SourceVersion "1"]
[SourceVersionDate "2022.10.05"]
[SourceQuality "1"]
[WhiteTeam "Grygov Proclient"]
[BlackTeam "Vlcnov"]
[WhiteTeamCountry "CZE"]
[BlackTeamCountry "CZE"]

1. c4 e5 2. Nc3 Nc6 3. g3 g6 4. Bg2 Bg7 5. d3 Nge7 6. e4 d6 7. Nge2 Be6 8. 0-0 Qd7 9. Nd5 0-0 10. Be3 Nd8 11. d4 Nxd5 1/2-1/2

[Event "CZE-chT1E 2122"]
[Site "Czech Republic"]
[Date "2021.11.27"]
[Round "3.7"]
[White "Soban, Jaroslav"]
[Black "Horsak, Jan"]
[Result "0-1"]
[WhiteElo "2071"]
[BlackElo "2060"]
[PlyCount "102"]
[EventDate "2021.10.09"]
[EventType "team-tourn"]
[EventRounds "11"]
[EventCountry "CZE"]
[SourceTitle "EXT 2023"]
[Source "ChessBase"]
[SourceDate "2022.10.05"]
[SourceVersion "1"]
[SourceVersionDate "2022.10.05"]
[SourceQuality "1"]
[WhiteTeam "Grygov Proclient"]
[BlackTeam "Stare Mesto"]
[WhiteTeamCountry "CZE"]
[BlackTeamCountry "CZE"]

1. c4 g6 2. Nc3 Bg7 3. g3 c6 4. Bg2 Nf6 5. e4 0-0 6. Nge2 e5 7. 0-0 d6 8. d3 Be6 9. Qb3 Na6 10. Rb1 Qd7 11. Rd1 Bh3 12. Bh1 Nc5 13. Qc2 Ne6 14. d4 exd4 15. Nxd4 Nxd4 16. Rxd4 Nh5 17. Rd1 Qe6 18. Qd3 Rae8 19. Qxd6 Qxc4 20. Be3 f5 21. Qc5 Qe6 22. exf5 Bxf5 23. Rbc1 a6 24. Qb6 Rf7 25. Rd2 Bxc3 26. bxc3 Bh3 27. Qb3 Qe5 28. Rdd1 Nf6 29. Bd4 Qe7 30. Bg2 Bxg2 31. Kxg2 Qe4+ 32. Kg1 Ng4 33. h3 Ne5 34. Bxe5 Qxe5 35. Qc2 Ref8 36. Rf1 Rf3 37. Qb3+ R8f7 38. Qc4 c5 39. Rfe1 Qh5 40. Re8+ Kg7 41. Re2 Qf5 42. g4 Qg5 43. Rce1 Rxh3 44. Re3 Qh4 45. Rxh3 Qxf2+ 46. Kh1 Qxe1+ 47. Kg2 Rf2+ 48. Kg3 Re2+ 49. Kf4 Qd2+ 50. Kg3 Rg2+ 51. Kf3 Qf2+ 0-1

[Event "CZE-chT1E 2122"]
[Site "Czech Republic"]
[Date "2021.10.09"]
[Round "1.2"]
[White "Cupek, Martin"]
[Black "Soban, Jaroslav"]
[Result "1-0"]
[WhiteElo "2088"]
[BlackElo "2071"]
[PlyCount "123"]
[EventDate "2021.10.09"]
[EventType "team-tourn"]
[EventRounds "11"]
[EventCountry "CZE"]
[SourceTitle "EXT 2023"]
[Source "ChessBase"]
[SourceDate "2022.10.05"]
[SourceVersion "1"]
[SourceVersionDate "2022.10.05"]
[SourceQuality "1"]
[WhiteTeam "Trinec"]
[BlackTeam "Grygov Proclient"]
[WhiteTeamCountry "CZE"]
[BlackTeamCountry "CZE"]

1. d3 c5 2. g3 g6 3. Bg2 Bg7 4. Nd2 Nc6 5. Nh3 d6 6. 0-0 e6 7. f4 Nge7 8. a4 0-0 9. e4 Rb8 10. c3 a6 11. Nf2 b5 12. axb5 axb5 13. Nf3 Qb6 14. Be3 b4 15. Qc2 bxc3 16. bxc3 Qb3 17. Rfc1 Qxc2 18. Rxc2 Rb3 19. d4 cxd4 20. Bxd4 Bd7 21. Bxg7 Kxg7 22. Nd2 Rbb8 23. Nc4 d5 24. Rd2 Rfd8 25. exd5 exd5 26. Bxd5 Nxd5 27. Rxd5 Be6 28. Rxd8 Nxd8 29. Ne3 Rb3 30. Rc1 Nc6 31. Ne4 Nd4 32. cxd4 Rxe3 33. Nf2 Re2 34. Kf1 Ra2 35. Ke1 Bd5 36. Rc5 Bf3 37. Rc3 Bd5 38. Rd3 Kf6 39. Rd2 Ra3 40. Nd3 h5 41. Nb4 Ke6 42. Re2+ Kd6 43. Re8 Bc4 44. Kd2 Rb3 45. Rb8 h4 46. Rb6+ Kd7 47. gxh4 Rh3 48. d5 Rxh4 49. Ke3 Rxh2 50. Kd4 Ba2 51. Kc5 Ke7 52. Ra6 Bb3 53. Nc6+ Kf8 54. Ra8+ Kg7 55. Nd4 Bxd5 56. Kxd5 Rh4 57. Ke5 Rh5+ 58. Ke4 Rh1 59. Nf3 Rb1 60. Ra7 Rb4+ 61. Ke3 Rb3+ 62. Kf2 1-0

[Event "CZE-chT2F 1920"]
[Site "Czech Republic"]
[Date "2019.11.17"]
[Round "3.8"]
[White "Soban, Jaroslav"]
[Black "Foltyn, Lukasz"]
[Result "1-0"]
[WhiteElo "2082"]
[BlackElo "1969"]
[PlyCount "51"]
[EventDate "2019.10.13"]
[EventType "team-tourn"]
[EventRounds "11"]
[EventCountry "CZE"]
[SourceTitle "EXT 2024"]
[Source "ChessBase"]
[SourceDate "2023.10.10"]
[SourceVersion "1"]
[SourceVersionDate "2023.10.10"]
[SourceQuality "1"]
[WhiteTeam "Grygov Proclient"]
[BlackTeam "Karvina"]
[WhiteTeamCountry "CZE"]
[BlackTeamCountry "CZE"]

1. c4 c6 2. e4 d5 3. exd5 cxd5 4. d4 Nf6 5. Nc3 Nc6 6. Nf3 a6 7. Bg5 Ne4 8. cxd5 Nxc3 9. bxc3 Qxd5 10. c4 Qe4+ 11. Be2 h6 12. Be3 e5 13. 0-0 exd4 14. Nxd4 Ne5 15. Nf3 Be6 16. Nxe5 Qxe5 17. Bf3 Rd8 18. Qa4+ Bd7 19. Qb3 b5 20. Bb6 bxc4 21. Qd1 Be7 22. Re1 Qb8 23. Bc5 Be6 24. Qa4+ Kf8 25. Rab1 Qc8 26. Bb6 1-0

[Event "Jesenik op"]
[Site "Jesenik"]
[Date "2019.08.22"]
[Round "6"]
[White "Soban, Jaroslav"]
[Black "Dvorak, Martin"]
[Result "1/2-1/2"]
[WhiteElo "2080"]
[BlackElo "2204"]
[PlyCount "81"]
[EventDate "2019.08.17"]
[EventType "swiss"]
[EventRounds "9"]
[EventCountry "CZE"]
[SourceTitle "EXT 2020"]
[Source "ChessBase"]
[SourceDate "2019.10.17"]
[SourceVersion "1"]
[SourceVersionDate "2019.10.17"]
[SourceQuality "1"]

1. e4 c5 2. Nf3 Nc6 3. d4 cxd4 4. Nxd4 Nf6 5. Nc3 e5 6. Ndb5 d6 7. Bg5 a6 8. Na3 b5 9. Nd5 Be7 10. Bxf6 Bxf6 11. c3 Bg5 12. Nc2 0-0 13. Nce3 Rb8 14. Bd3 Ne7 15. Nxe7+ Qxe7 16. 0-0 g6 17. Qb3 Bxe3 18. fxe3 Be6 19. Qc2 Qa7 20. Qe2 d5 21. Rf6 Kg7 22. Rf2 dxe4 23. Bxe4 Rfd8 24. Bc2 Bc4 25. Qf3 f5 26. Bb3 Rd3 27. Re1 Rbd8 28. Qg3 f4 29. Qg5 R8d5 30. exf4 Rd2 31. Qh4 Bxb3 32. axb3 Rd1 33. Ref1 e4 34. h3 e3 35. Re2 R5d2 36. Rxd1 Rxe2 37. Rd6 Rd2 38. Qf6+ Kh6 39. Qg5+ Kg7 40. Qf6+ Kh6 41. Qg5+ 1/2-1/2

[Event "Jesenik op"]
[Site "Jesenik"]
[Date "2019.08.20"]
[Round "4"]
[White "Soban, Jaroslav"]
[Black "Kantorik, Marian"]
[Result "1/2-1/2"]
[WhiteElo "2080"]
[BlackElo "2164"]
[PlyCount "44"]
[EventDate "2019.08.17"]
[EventType "swiss"]
[EventRounds "9"]
[EventCountry "CZE"]
[SourceTitle "EXT 2020"]
[Source "ChessBase"]
[SourceDate "2019.10.17"]
[SourceVersion "1"]
[SourceVersionDate "2019.10.17"]
[SourceQuality "1"]

1. e4 e5 2. Nc3 Nf6 3. f4 d5 4. fxe5 Nxe4 5. d3 Nxc3 6. bxc3 d4 7. Nf3 Nc6 8. Be2 Bc5 9. c4 Qe7 10. 0-0 Nxe5 11. Nxe5 Qxe5 12. Bh5 0-0 13. Bf4 Qe7 14. Qf3 c6 15. Rae1 Be6 16. Qg3 Kh8 17. Bh6 gxh6 18. Qe5+ f6 19. Qxe6 Qxe6 20. Rxe6 Kg7 21. Rfe1 Rad8 22. Re8 Bb4 1/2-1/2

[Event "Jesenik op"]
[Site "Jesenik"]
[Date "2019.08.18"]
[Round "2"]
[White "Soban, Jaroslav"]
[Black "Jirasek, Pavel"]
[Result "0-1"]
[WhiteElo "2080"]
[BlackElo "2284"]
[PlyCount "122"]
[EventDate "2019.08.17"]
[EventType "swiss"]
[EventRounds "9"]
[EventCountry "CZE"]
[SourceTitle "EXT 2020"]
[Source "ChessBase"]
[SourceDate "2019.10.17"]
[SourceVersion "1"]
[SourceVersionDate "2019.10.17"]
[SourceQuality "1"]

1. e4 c5 2. Nf3 Nc6 3. Nc3 e5 4. Bb5 Bd6 5. 0-0 Nge7 6. a4 0-0 7. Bc4 Nd4 8. Nxd4 cxd4 9. Ne2 b6 10. c3 Bb7 11. d3 dxc3 12. Nxc3 Bc5 13. Qb3 Nc6 14. Bd5 Nd4 15. Qd1 Bc6 16. Be3 Kh8 17. Rb1 a5 18. f4 exf4 19. Rxf4 Qg5 20. Kh1 Ne6 21. Bxe6 dxe6 22. Bxc5 bxc5 23. Qf1 f6 24. Rf2 Rfd8 25. Qe2 Rab8 26. Qc2 Rb4 27. b3 Rbd4 28. Rf3 Bb7 29. Nb5 Rb4 30. Rc1 Ba6 31. Qxc5 Qxc5 32. Rxc5 Rxb3 33. Kg1 e5 34. Rc6 Bxb5 35. axb5 Rxb5 36. Ra6 h6 37. Ra7 Rdb8 38. Rf1 R8b7 39. Ra8+ Rb8 40. Ra7 Rc5 41. g3 Rb3 42. Rd1 Rb2 43. h4 Rcc2 44. Rxa5 Rg2+ 45. Kf1 Rh2 46. Kg1 Rbg2+ 47. Kf1 Rxg3 48. d4 Rh1+ 49. Kf2 Rxd1 50. Kxg3 Rxd4 51. Kf3 h5 52. Ra3 Kh7 53. Rb3 Kh6 54. Ra3 Rd1 55. Kg2 Re1 56. Kf3 Rf1+ 57. Kg3 Rf4 58. Re3 Rg4+ 59. Kh3 g5 60. hxg5+ fxg5 61. Re1 Rf4 0-1

[Event "CZE-chT2E 1819"]
[Site "Czech Republic"]
[Date "2019.01.27"]
[Round "7.7"]
[White "Soban, Jaroslav"]
[Black "Vlacil, Vladimir"]
[Result "1/2-1/2"]
[WhiteElo "2096"]
[BlackElo "1964"]
[PlyCount "62"]
[EventDate "2018.10.14"]
[EventType "team-tourn"]
[EventRounds "11"]
[EventCountry "CZE"]
[SourceTitle "EXT 2022"]
[Source "ChessBase"]
[SourceDate "2021.10.06"]
[SourceVersion "1"]
[SourceVersionDate "2021.10.06"]
[SourceQuality "1"]
[WhiteTeam "Grygov"]
[BlackTeam "Prostejov"]
[WhiteTeamCountry "CZE"]
[BlackTeamCountry "CZE"]

1. c4 Nf6 2. Nc3 g6 3. g3 Bg7 4. Bg2 0-0 5. e4 d6 6. Nge2 Nbd7 7. 0-0 Ne5 8. d3 c5 9. h3 a6 10. f4 Nc6 11. f5 Ne5 12. Be3 Rb8 13. Qd2 Re8 14. Rae1 b5 15. b3 Bd7 16. g4 Bc6 17. Ng3 b4 18. Nce2 Nfd7 19. g5 a5 20. h4 Ng4 21. Bf4 Be5 22. Bh3 Bxf4 23. Nxf4 Nge5 24. h5 Nf8 25. hxg6 fxg6 26. Rf2 Bd7 27. Rfe2 e6 28. f6 Nf7 29. Kh1 a4 30. d4 cxd4 31. Nd3 Qb6 1/2-1/2

[Event "CZE-chT2E 1819"]
[Site "Czech Republic"]
[Date "2019.01.13"]
[Round "6.6"]
[White "Soban, Jaroslav"]
[Black "Blaha, Petr"]
[Result "1/2-1/2"]
[WhiteElo "2096"]
[BlackElo "1971"]
[PlyCount "62"]
[EventDate "2018.10.14"]
[EventType "team-tourn"]
[EventRounds "11"]
[EventCountry "CZE"]
[SourceTitle "EXT 2022"]
[Source "ChessBase"]
[SourceDate "2021.10.06"]
[SourceVersion "1"]
[SourceVersionDate "2021.10.06"]
[SourceQuality "1"]
[WhiteTeam "Grygov"]
[BlackTeam "Stare Mesto II"]
[WhiteTeamCountry "CZE"]
[BlackTeamCountry "CZE"]

1. c4 Nf6 2. Nc3 e6 3. e4 d6 4. g3 c5 5. Bg2 Nc6 6. Nge2 Bd7 7. 0-0 Nd4 8. d3 Be7 9. f4 e5 10. h3 h5 11. Nd5 Nxd5 12. cxd5 g6 13. Nxd4 cxd4 14. Qf3 f6 15. fxe5 dxe5 16. Bd2 Rc8 17. Rae1 Qb6 18. Rf2 Rc2 19. Bc1 Rxf2 20. Qxf2 0-0 21. g4 hxg4 22. Qg3 Kg7 23. hxg4 g5 24. Bf3 Qa6 25. Be2 Qxa2 26. Kg2 Qa6 27. Rh1 Rh8 28. Rf1 Rf8 29. Rh1 Rh8 30. Rf1 Qd6 31. Qf2 Kg6 1/2-1/2

[Event "CZE-chT2E 1819"]
[Site "Czech Republic"]
[Date "2018.11.18"]
[Round "3.5"]
[White "Vaculik, Jakub"]
[Black "Soban, Jaroslav"]
[Result "1-0"]
[WhiteElo "2185"]
[BlackElo "2096"]
[PlyCount "103"]
[EventDate "2018.10.14"]
[EventType "team-tourn"]
[EventRounds "11"]
[EventCountry "CZE"]
[SourceTitle "EXT 2022"]
[Source "ChessBase"]
[SourceDate "2021.10.06"]
[SourceVersion "1"]
[SourceVersionDate "2021.10.06"]
[SourceQuality "1"]
[WhiteTeam "Velke Losiny"]
[BlackTeam "Grygov"]
[WhiteTeamCountry "CZE"]
[BlackTeamCountry "CZE"]

1. d4 f5 2. Nc3 d5 3. Bf4 e6 4. e3 Nf6 5. h3 Bd6 6. Bxd6 Qxd6 7. Nf3 0-0 8. Ne5 Bd7 9. Bd3 c5 10. 0-0 c4 11. Be2 b5 12. f4 b4 13. Nb1 Nc6 14. Nd2 Rac8 15. Ndf3 a5 16. g4 Ne4 17. Nxc6 Bxc6 18. Ne5 Bb5 19. Qe1 Qa6 20. c3 bxc3 21. bxc3 Rb8 22. Bf3 Be8 23. Bxe4 fxe4 24. Rb1 Bf7 25. Rf2 Rb7 26. Rfb2 Rfb8 27. Qc1 Be8 28. Rxb7 Rxb7 29. Rb2 Rb5 30. Qb1 Qb7 31. Rxb5 Qxb5 32. Qxb5 Bxb5 33. Kf2 g6 34. Kg3 Kg7 35. g5 Ba4 36. h4 Bd1 37. a3 a4 38. Nd7 Kf7 39. f5 gxf5 40. Kf4 Bg4 41. Ne5+ Kg7 42. Nd7 Bh5 43. Nc5 Bf7 44. h5 Bxh5 45. Nxe6+ Kf7 46. Nc7 Ke7 47. Nxd5+ Kd6 48. Nb6 Bf7 49. Kxf5 Kc6 50. Nxa4 Kd5 51. Kf6 Be8 52. Nb6+ 1-0

[Event "CZE-chT2F 1718"]
[Site "Czech Republic"]
[Date "2018.04.08"]
[Round "11.4"]
[White "Soban, Jaroslav"]
[Black "Weczerek, Marek"]
[Result "1/2-1/2"]
[WhiteElo "2100"]
[BlackElo "2026"]
[PlyCount "39"]
[EventDate "2017.10.15"]
[EventType "team-tourn"]
[EventRounds "11"]
[EventCountry "CZE"]
[SourceTitle "EXT 2022"]
[Source "ChessBase"]
[SourceDate "2021.10.06"]
[SourceVersion "1"]
[SourceVersionDate "2021.10.06"]
[SourceQuality "1"]
[WhiteTeam "Olomouc ASK"]
[BlackTeam "Benesov Dolni"]
[WhiteTeamCountry "CZE"]
[BlackTeamCountry "CZE"]

1. c4 e5 2. Nc3 Nf6 3. g3 Be7 4. Bg2 0-0 5. e4 d6 6. Nge2 Be6 7. d3 Qd7 8. 0-0 Bh3 9. f4 Bxg2 10. Kxg2 c6 11. h3 Na6 12. Be3 Rfd8 13. d4 exd4 14. Bxd4 Qe6 15. b3 Bf8 16. Qb1 Re8 17. e5 Nd7 18. f5 Qh6 19. exd6 Bxd6 20. Ne4 1/2-1/2

[Event "CZE-chT1E 1718"]
[Site "Czech Republic"]
[Date "2018.02.18"]
[Round "8.1"]
[White "Soban, Jaroslav"]
[Black "Sladek, Vladislav"]
[Result "1-0"]
[WhiteElo "2100"]
[BlackElo "1922"]
[PlyCount "59"]
[EventDate "2017.10.22"]
[EventType "team-tourn"]
[EventRounds "11"]
[EventCountry "CZE"]
[SourceTitle "EXT 2019"]
[Source "ChessBase"]
[SourceDate "2018.10.10"]
[SourceVersion "1"]
[SourceVersionDate "2018.10.10"]
[SourceQuality "1"]
[WhiteTeam "Grygov"]
[BlackTeam "Brno Lokomotiva"]
[WhiteTeamCountry "CZE"]
[BlackTeamCountry "CZE"]

1. c4 e5 2. Nc3 Bb4 3. g3 Bxc3 4. bxc3 Nf6 5. Bg2 0-0 6. Nf3 Nc6 7. 0-0 d5 8. cxd5 Nxd5 9. c4 Nf6 10. d3 h6 11. Nd2 Bg4 12. Nb3 e4 13. d4 Re8 14. Be3 a5 15. h3 Bf5 16. d5 Ne5 17. Nd4 Bg6 18. Qb3 c6 19. dxc6 bxc6 20. Rfd1 Qe7 21. Bf4 c5 22. Nb5 Nh5 23. Be3 f5 24. Nd6 Rf8 25. Bxc5 Qg5 26. Qc3 f4 27. h4 Qf6 28. Nxe4 Bxe4 29. Bxe4 fxg3 30. fxg3 1-0